Filosofia (Record no. 21594)

MARC details
000 -LEADER
campo de control de longitud fija 01050nmc a2200373 a 4500
003 - IDENTIFICADOR DE NÚMERO DE CONTROL
campo de control AR-X00000XY
005 - FECHA Y HORA DE LA ÚLTIMA TRANSACCIÓN
campo de control 20251128211918.0
008 - DATOS DE LONGITUD FIJA--INFORMACIÓN GENERAL
campo de control de longitud fija 217020s2004 ||||||||||||||000 | spa||
020 ## - NÚMERO INTERNACIONAL ESTÁNDAR DEL LIBRO
Número Internacional Estándar del Libro 85-7490-319-1
040 ## - FUENTE DE CATALOGACIÓN
Centro/agencia transcriptor AR-X00000XY
245 10 - MENCIÓN DEL TÍTULO
Título Filosofia
Resto del título caminhos para seu ensino
260 ## - PUBLICACIÓN, DISTRIBUCIÓN, ETC.
Lugar de publicación, distribución, etc. Rio de Janeiro
Nombre del editor, distribuidor, etc. DP&A Editora
Fecha de publicación, distribución, etc. 2004
300 0# - DESCRIPCIÓN FÍSICA
Extensión 191 p.
490 #0 - MENCIÓN DE SERIE
Mención de serie Sócrates
504 ## - NOTA DE BIBLIOGRAFÍA, ETC.
Nota de bibliografía, etc. Nota Contiene referencias bibliográficas al final de cada artículo
650 #4 - PUNTO DE ACCESO ADICIONAL DE MATERIA--TÉRMINO DE MATERIA
Término de materia o nombre geográfico como elemento de entrada ENSENANZA DE LA FILOSOFIA
650 #4 - PUNTO DE ACCESO ADICIONAL DE MATERIA--TÉRMINO DE MATERIA
Término de materia o nombre geográfico como elemento de entrada INTERDISCIPLINARIEDAD
650 #4 - PUNTO DE ACCESO ADICIONAL DE MATERIA--TÉRMINO DE MATERIA
Término de materia o nombre geográfico como elemento de entrada CURRICULO
650 #4 - PUNTO DE ACCESO ADICIONAL DE MATERIA--TÉRMINO DE MATERIA
Término de materia o nombre geográfico como elemento de entrada DIDACTICA
700 1# - ENTRADA AGREGADA--NOMBRE PERSONAL
Nombre de persona Kohan, Walter O.
Término indicativo de función/relación compilador
700 1# - ENTRADA AGREGADA--NOMBRE PERSONAL
Nombre de persona Cerletti, Alejandro A.
700 1# - ENTRADA AGREGADA--NOMBRE PERSONAL
Nombre de persona Favaretto, Celso
700 1# - ENTRADA AGREGADA--NOMBRE PERSONAL
Nombre de persona Feitosa, Charles
700 1# - ENTRADA AGREGADA--NOMBRE PERSONAL
Nombre de persona Marcondes, Danilo
700 1# - ENTRADA AGREGADA--NOMBRE PERSONAL
Nombre de persona José, Elena Teresa
700 1# - ENTRADA AGREGADA--NOMBRE PERSONAL
Nombre de persona Ceppas, Filipe
700 1# - ENTRADA AGREGADA--NOMBRE PERSONAL
Nombre de persona Guido, Humberto
700 1# - ENTRADA AGREGADA--NOMBRE PERSONAL
Nombre de persona Müller Xavier, Ingrid
700 1# - ENTRADA AGREGADA--NOMBRE PERSONAL
Nombre de persona Lobosco, Marcelo R.
700 1# - ENTRADA AGREGADA--NOMBRE PERSONAL
Nombre de persona Navia, Ricardo
700 1# - ENTRADA AGREGADA--NOMBRE PERSONAL
Nombre de persona Douailler, Stéphane
942 ## - ELEMENTOS DE ENTRADA SECUNDARIOS (KOHA)
Tipo de ítem Koha Libros
998 ## - INFORMACIÓN DE CONTROL LOCAL (RLIN)
Iniciales del catalogador, CIN (RLIN) Nancy
Holdings
Estatus retirado Estado de pérdida Fuente de la clasificación o esquema de estantería Estado de daño Restricciones de uso No para préstamo Biblioteca de origen Biblioteca actual Fecha de adquisición Total de préstamos Signatura topográfica completa Código de barras Visto por última vez Precio de reemplazo Tipo de ítem Koha
    Clasificación Decimal Dewey   Acceso restringido No para préstamo Liberty Liberty 28/11/2025   372.81 KOHN 143749 28/11/2025 28/11/2025 Libros